Degas
Guardat en:
| Autor principal: | |
|---|---|
| Format: | Llibre |
| Idioma: | anglès |
| Publicat: |
Londres
Spring Books
1963
|
| Edició: | 1a. ed |
| Col·lecció: | Spring Art Books
|
| Matèries: | |
| Etiquetes: |
Afegir etiqueta
Sense etiquetes, Sigues el primer a etiquetar aquest registre!
|
MARC
| LEADER | 00000cam a2200000 a 4500 | ||
|---|---|---|---|
| 001 | UCE2011 | ||
| 003 | CL-VaPUC | ||
| 008 | 140605e19630000uk |||||||||||||||||eng|d | ||
| 082 | 0 | 4 | |a 759.4 |b POO |2 21 |
| 100 | 0 | |a Pool, Phoebe |e author |9 574472 | |
| 245 | 1 | 0 | |a Degas |
| 250 | |a 1a. ed | ||
| 300 | |a pág. irreg | ||
| 942 | |c BK | ||
| 945 | |d 20140605 14:22:00 |a dcastane | ||
| 260 | |a Londres |b Spring Books |c 1963 | ||
| 600 | 0 | 7 | |a DEGAS, EDGAR |2 CL-VaPUC |9 268732 |
| 650 | 0 | |a Pintura francesa |9 266122 | |
| 650 | 0 | |a Pintores franceses |9 340354 | |
| 650 | 7 | |a IMPRESIONISMO |2 CL-VaPUC |9 324638 | |
| 650 | 7 | |a IMPRESIONISTAS |2 CL-VaPUC |9 449219 | |
| 583 | |a last modification |c 20140605 14:22:00 |k Rodrigo Vera | ||
| 490 | 0 | |a Spring Art Books | |
| 999 | |c 355691 |d 355689 | ||
| 952 | |0 0 |1 0 |3 erd |4 0 |6 759_400000000000000_POO_1963 |7 0 |8 R |9 462502 |a BIBART |b BIBART |i 5004365 |l 1 |o 759.4 POO 1963 |p 5004365 |r 2025-03-13 |s 2022-09-28 |w 2019-11-23 |y BK_R |z Catalogado en:20140605 |k ART | ||